000 00632nam a2200277Ia 4500
005 20260324150922.0
008 008 260324s9999 xx 000 0 eng d
020 _a9780429198526
037 _aEBOOK
040 _aCRL
040 _beng
040 _cCRL
041 _2eng
041 _aeng
084 _qCRL
100 _aA. Campbell Garnett
_91228089
245 0 _aInstinct and Personality
260 _bTaylor and Francis
260 _c1928
365 _a
365 _b170
856 _uhttp://www.taylorfrancis.com/books/9780429198526
942 _cEBOOK
999 _c1838354
_d1838354